| 000 | 00904cab a22001935a 4500 | ||
|---|---|---|---|
| 001 | L147651 | ||
| 008 | 090602e20090529xxkbdo f 000 0 eng d | ||
| 035 | _a(Sirsi) u147651 | ||
| 041 | 0 | _aeng | |
| 100 | 1 | _aShah, Aditi | |
| 245 | 0 | 0 |
_aRegional report _bSussex |
| 260 | _c2009 | ||
| 490 | 0 |
_aProperty Week _v75(22) 29 May 2009, 59-65(4) |
|
| 520 | _aSurveys activity in the Sussex industrial, investment, leisure, office and retail property sectors. Looks at the bidding process to become the new owner of Gatwick airport and the plans for a second runway. Notes the impact of the decline in the airline and manufacturing industries on the Crawley industrial market. Comments on the benefits to retail landlords of delays to Crawley's town centre revamp. Tables. Map. | ||
| 590 | _aKA | ||
| 651 | 4 |
_aSussex _y1888- |
|
| 690 | _aPROPERTY-COMMERCIAL PROPERTY-COMMERCIAL PROPERTY MARKET | ||
| 942 | _n0 | ||
| 999 |
_c81596 _d81596 |
||